<?xml version="1.0" encoding="UTF-8"?>
<collection xmlns="http://www.loc.gov/MARC21/slim">
 <record>
  <leader>00613nam a2200193   4500</leader>
  <controlfield tag="001">000009920</controlfield>
  <controlfield tag="003">6118</controlfield>
  <controlfield tag="005">20150812140814.0</controlfield>
  <controlfield tag="008">111103s                               sd</controlfield>
  <datafield tag="245" ind1="0" ind2="0">
   <subfield code="a">Chế độ ruộng đất ở Việt Nam từ thế kỷ XI - XVIII</subfield>
   <subfield code="c">Trương Hữu Quýnh</subfield>
  </datafield>
  <datafield tag="774" ind1=" " ind2=" ">
   <subfield code="a">Trương Hữu Quýnh</subfield>
   <subfield code="d">1982</subfield>
   <subfield code="d">Khoa học xã hội</subfield>
   <subfield code="d">H.</subfield>
   <subfield code="g">Tập 1</subfield>
   <subfield code="h">342tr.</subfield>
   <subfield code="t">Thế kỷ XI - XV</subfield>
   <subfield code="w">6119</subfield>
  </datafield>
  <datafield tag="OWN" ind1=" " ind2=" ">
   <subfield code="a">LSP</subfield>
  </datafield>
  <datafield tag="999" ind1=" " ind2=" ">
   <subfield code="a">From the UDN01</subfield>
  </datafield>
  <datafield tag="TYP" ind1=" " ind2=" ">
   <subfield code="a">Monograph</subfield>
  </datafield>
  <datafield tag="TYP" ind1=" " ind2=" ">
   <subfield code="a">Printed language</subfield>
  </datafield>
  <datafield tag="980" ind1=" " ind2=" ">
   <subfield code="a">Mạng thư viện Đại học Đà Nẵng</subfield>
  </datafield>
 </record>
</collection>
